| 000 | 00477nam a22001817a 4500 | ||
|---|---|---|---|
| 003 | CEME | ||
| 005 | 20210628201833.0 | ||
| 008 | 210208b xxu||||| |||| 00| 0 eng d | ||
| 020 | _a81-203-1742-4 | ||
| 040 | _c. | ||
| 082 | _a658.5 MAH | ||
| 100 |
_aMahapatra, P.B _957034 |
||
| 245 | _aComputer-aided production management | ||
| 260 |
_aNEW DELHI _bPRENTICE HALL _c2001 |
||
| 300 | _aXII,596P | ||
| 650 |
_aCOMPUTER-AIDED PRODUCTION MANAGEMENT _957035 |
||
| 942 |
_cBK _2ddc |
||
| 999 |
_c567345 _d567345 |
||